000 00525nam a22001817a 4500
005 20170817111120.0
010 _aENG-119853
020 _a978814564844
_c125.00
035 _aEN-103385
037 _bDBAD/PUB
082 _a250
100 _aVargees,Alan
245 _aPentecostal Churches and ecumenism in India /
_cby Alan Vargees
260 _aKolkata
_bISPCK
_c2015
270 _a1584,1654,Madarsa Road,Kahmere Gate
_bDelhi
_e110006
300 _axxv,72p
_c21cm.(pbk)
942 _2ddc
_cEN
_h250
_mVAR
999 _c143450
_d143450